Fire and the rose : (Record no. 524142)
[ view plain ]
| 000 -LEADER | |
|---|---|
| fixed length control field | 00407nam a22001457a 4500 |
| 020 ## - INTERNATIONAL STANDARD BOOK NUMBER | |
| International Standard Book Number | 81-7167-300-7 |
| 040 ## - CATALOGING SOURCE | |
| Transcribing agency | NUST |
| 082 ## - DEWEY DECIMAL CLASSIFICATION NUMBER | |
| Classification number | 891.4391708 |
| Author Mark | RAH |
| 100 ## - MAIN ENTRY--PERSONAL NAME | |
| Personal name | Anisur Rahman |
| 9 (RLIN) | 14968 |
| 245 ## - TITLE STATEMENT | |
| Title | Fire and the rose : |
| Remainder of title | An anthology of modern urdu poetry / |
| Statement of responsibility, etc. | Anisur Rahman. |
| 260 ## - PUBLICATION, DISTRIBUTION, ETC. | |
| Place of publication, distribution, etc. | New Delhi : |
| Name of publisher, distributor, etc. | Gopsons Papers Ltd, |
| Date of publication, distribution, etc. | 1995. |
| 300 ## - PHYSICAL DESCRIPTION | |
| Extent | 353 p. ; |
| Dimensions | 20 cm. |
| 500 ## - GENERAL NOTE | |
| General note | Hardback. |
| 942 ## - ADDED ENTRY ELEMENTS (KOHA) | |
| Source of classification or shelving scheme | |
| Koha item type | Book |
| Withdrawn status | Lost status | Source of classification or shelving scheme | Damaged status | Not for loan | Permanent Location | Current Location | Date acquired | Total Checkouts | Total Renewals | Full call number | Barcode | Checked out | Date last seen | Date last checked out | Price effective from | Koha item type |
|---|---|---|---|---|---|---|---|---|---|---|---|---|---|---|---|---|
| Central Library (CL) | Central Library (CL) | 06/18/2019 | 1 | 3 | 891.4391708 RAH | CL-D-439 | 03/24/2026 | 08/02/2025 | 08/02/2025 | 06/18/2019 | Book |
